LEADER 02279nam 2200409Ia 450 001 996387409603316 005 20231219230958.0 035 $a(CKB)4940000000084907 035 $a(EEBO)2248531110 035 $a(OCoLC)ocm27322837e 035 $a(OCoLC)27322837 035 $a(EXLCZ)994940000000084907 100 $a19930126d1694 uy | 101 0 $aeng 135 $aurbn#|||a|bb| 200 13$aAn entire body of philosophy according to the principles of the famous Renate Des Cartes$b[electronic resource] $ein three books ... /$fwritten originally in Latin by the learned Anthony Le Grand ; now carefully translated from the last corrections, alterations, and large additions of the author, never yet published ... by Richard Blome 210 $aLondon $cPrinted by Samuel Roycroft, and sold by the undertaker Richard Blome ...$dM DC XC IV [1694] 215 $a[30], 401, [3], 263 p., 88 leaves of plates $cill 300 $aTranslation of: Institutio philosophiae secundum principia D. Renati Descartes. 300 $a"The whole work illustrated with almost an hundred sculptures dispersed to such places as best admit thereof: all designed, drawn and engraven historically by good artists" 300 $aThe plates are variously signed by Kip, Gucht, Lens, and Freman. 300 $aReproduction of original in Huntington Library. 327 $a(from t.p.) I. The institution, in X parts -- II. The history of nature, which illustrates the institution and consists of great variety of experiments relating thereto, and explained by the same principles, in IX parts -- III. A dissertation of the want of sense and knowledge in brute animals, in II parts. 330 $aeebo-0113 606 $aPhilosophy$vEarly works to 1800 615 0$aPhilosophy 700 $aLe Grand$b Antoine$fd. 1699.$01003368 701 $aBlome$b Richard$f1635-1705.$01005190 701 $aKip$b Johannes$f1653-1722.$01001292 701 $aGucht$b Michael van der$f1660-1725.$01005131 701 $aLens$b Bernard$f1659-1725.$01012087 701 $aFreman$b G$01012088 801 2$bWaOLN 906 $aBOOK 912 $a996387409603316 996 $aAn entire body of philosophy according to the principles of the famous Renate Des Cartes$92347894 997 $aUNISA LEADER 02407nam 22005895a 450 001 9910973636703321 005 20251117102107.0 010 $a9781487514044$belectronic book 010 $a1487514042 024 7 $a10.3138/9781487514044 035 $a(CKB)3790000000538133 035 $a(MiAaPQ)EBC5171107 035 $a(DE-B1597)498644 035 $a(OCoLC)1054881135 035 $a(DE-B1597)9781487514044 035 $a(OCoLC)1014123324 035 $a(MdBmJHUP)musev2_107584 035 $a(NjHacI)993790000000538133 035 $a(EXLCZ)993790000000538133 100 $a20180829d2017 fg 0 101 0 $aeng 135 $aurcnu|||||||| 181 $2rdacontent. 182 $2rdamedia. 183 $2rdacarrier. 200 10$aRecalling recitation in the Americas $eborderless curriculum, performance poetry, and reading /$fJanet Neigh 210 1$aToronto, Canada :$cUniversity of Toronto Press,$d2017. 210 4$dİ2017 215 $a1 online resource (viii, 240 pages.) $cillustrations 311 1 $a9781487501839 311 1 $a1487501838 320 $aIncludes bibliographical references and index. 327 $aIntroduction -- 1. E. Pauline Johnson (Tekahionwake) and her ?Dear Dead Longfellow? -- 2. Langston Hughes?s rhythmic literacy -- 3. Miss Lou pedagogy and mimic women -- 4. Recitation legacies in dub and indigenous poetics. 330 $aRecalling Recitation in the Americas focuses on the unexplored relationship between education history and literary form and establishes the far-reaching effects of poetry memorization and recitation on the development of modern performance poetry in North America.--$cProvided by publisher 606 $aOral interpretation of poetry 606 $aPerformance poetry$xSocial aspects 606 $aPoetry$xSocial aspects 606 $aPoetry$xStudy and teaching 606 $aRecitation (Education)$xSocial aspects 615 0$aOral interpretation of poetry. 615 0$aPerformance poetry$xSocial aspects. 615 0$aPoetry$xSocial aspects. 615 0$aPoetry$xStudy and teaching. 615 0$aRecitation (Education)$xSocial aspects. 676 $a808.545 700 $aNeigh$b Janet$f1977-$01874735 801 0$bDE-B1597 801 1$bDE-B1597 906 $aBOOK 912 $a9910973636703321 996 $aRecalling recitation in the Americas$94485461 997 $aUNINA